000 00896nam a22002655a 4500
003 OSt
005 20170618130427.0
008 170615s2012 ua a grb 000 0 ara d
017 _a2012 / 17626
020 _a9789770931776
040 _aEG-ScBUE
_bara
_cEG-ScBUE
043 _af-ua---
_afl-----
082 0 4 _222
_a346.620432
_bط ا ي
100 1 _aطايع، محمد سالمان.
245 1 0 _aمصر وأزمة مياه النيل :
_bآفاق الصراع والتعاون /
_cمحمد سالمان طايع.
250 _aط. 1.
260 _aالقاهرة :
_bدار الشروق،
_c2012.
300 _a493 ص. :
_bإيض. ؛
_c24 سم.
504 _aيشتمل على إرجاعات ببليوجرافية.
590 _aدعاء
650 0 _aمصادر المياه
_zمصر.
_2BUEsh
651 0 _aنهر النيل
_915336
_2BUEsh
653 _bBUSBOL
_cJune2017
942 _2ddc
999 _c24912
_d24884